000 00503nam a2200169 a 4500
005 20240925065933.0
008 991125s1970 mx 000 0 spa u
035 _aUPN01000057603
049 _aCG
050 4 _aLC6581 M6
_bC6.7
100 1 _aContreras A., Fernando
245 1 0 _aTVE :
_bmanual de televisión educativa para instructores /
_cFernando Contreras A.
260 _aMéxico :
_bCENAPRO,
_c[197-].
300 _a56 h. :
_bil.
650 4 _aTelevisión en la educación
_91518
905 _aLibro
999 _c57603
_d57603